Sách Hán Nôm của người Sán Chay
Nội dung sách bao gồm 2 phần: Sách Hán Nôm của người Sán Chay, nguyên bản chữ Hán Nôm.
Uloženo v:
| Korporativní autor: | |
|---|---|
| Médium: | Kniha |
| Jazyk: | Undetermined |
| Vydáno: |
Hà Nội
Khoa học - Xã hội
2015
|
| Témata: | |
| Tagy: |
Přidat tag
Žádné tagy, Buďte první, kdo otaguje tento záznam!
|
| Thư viện lưu trữ: | Trung tâm Học liệu Trường Đại học Cần Thơ |
|---|
| LEADER | 00850nam a2200205Ia 4500 | ||
|---|---|---|---|
| 001 | CTU_209309 | ||
| 008 | 210402s9999 xx 000 0 und d | ||
| 082 | |a 495.1 | ||
| 082 | |b H452 | ||
| 110 | |a Hội văn nghệ dân gian Việt Nam | ||
| 245 | 0 | |a Sách Hán Nôm của người Sán Chay | |
| 245 | 0 | |c Đỗ Thị Hảo (Phiên âm, dịch nghĩa, giới thiệu) | |
| 260 | |a Hà Nội | ||
| 260 | |b Khoa học - Xã hội | ||
| 260 | |c 2015 | ||
| 520 | |a Nội dung sách bao gồm 2 phần: Sách Hán Nôm của người Sán Chay, nguyên bản chữ Hán Nôm. | ||
| 650 | |a Tiếng Trung Quốc,Chinese language | ||
| 650 | |x Lịch sử và phê bình,History and criticism | ||
| 904 | |i Trương Thủy Ly,Hải | ||
| 980 | |a Trung tâm Học liệu Trường Đại học Cần Thơ | ||